[Event "Titled Tue 3rd Sep Early"]
[Site "chess.com INT"]
[Date "2024.09.03"]
[Round "3"]
[White "Nakamura,Hi"]
[Black "Lin,D"]
[Result "1-0"]
[WhiteElo "2802"]
[BlackElo "2303"]

1.d4 Nf6 2.Bg5 e6 3.e4 h6 4.Bxf6 Qxf6 5.Nc3 g6 6.Qd2 Bg7 7.O-O-O d6 8.f4 Qe7
9.Nf3 b6 10.h4 Bb7 11.h5 Nd7 12.hxg6 fxg6 13.Bd3 O-O-O 14.Qe3 Rdf8 15.Nh4 Qe8
16.e5 dxe5 17.fxe5 h5 18.Kb1 Bh6 19.Qe2 Rfg8 20.Ba6 Nb8 21.Bxb7+ Kxb7 22.Ne4 Qc6
23.Nf6 Rg7 24.Rh3 Ka8 25.c4 g5 26.d5 exd5 27.cxd5 Qa4 28.Nf5 Rg6 29.Rd4 Qa6
30.Qxa6 Nxa6 31.Rxh5  1-0

[Event "Titled Tue 3rd Sep Late"]
[Site "chess.com INT"]
[Date "2024.09.03"]
[Round "3"]
[White "Nakamura,Hi"]
[Black "Daggupati,Balaji"]
[Result "1-0"]
[WhiteElo "2802"]
[BlackElo "2465"]

1.d4 d5 2.Bg5 c6 3.e3 Qb6 4.Qc1 Bf5 5.Nd2 e6 6.Ne2 h6 7.Bf4 Nd7 8.c4 Ngf6
9.h3 Be7 10.Nc3 O-O 11.a3 c5 12.cxd5 cxd4 13.Nc4 Qd8 14.d6 dxc3 15.dxe7 Qxe7
16.Bd6 Qd8 17.Bxf8 cxb2 18.Qxb2 Qxf8 19.Be2 Nc5 20.O-O Rc8 21.Rfd1 Nd5 22.a4 b6
23.Rd4 Bg6 24.Bf3 Nd3 25.Qd2 Nc5 26.Qb2 Nd3 27.Qb3 Nc5 28.Qa3 Rd8 29.Ne5 Bh7
30.Rad1 Rc8 31.Bxd5 exd5 32.Rxd5 Be4 33.R5d4 Qe7 34.Rxe4 Qe6 35.Red4 Qxe5
36.a5 Qf6 37.axb6 axb6 38.Rd6 Qg5 39.Rxb6 Ne4 40.Rc6 Re8 41.Rc2 Nf6 42.Rcd2 Ne4
43.Qa4 Re6 44.Rd5 f5 45.Qb3 Kh7 46.Rd8 Nxf2 47.Qxe6 Nxh3+ 48.Kf1 Nf2  1-0

[Event "Titled Tue 3rd Sep Early"]
[Site "chess.com INT"]
[Date "2024.09.03"]
[Round "4"]
[White "Drygalov,Andrey"]
[Black "Nakamura,Hi"]
[Result "1/2-1/2"]
[WhiteElo "2457"]
[BlackElo "2802"]

1.e4 g6 2.d4 c6 3.Nc3 d5 4.e5 a6 5.f4 h5 6.Nf3 Bg4 7.Be3 e6 8.h3 Bxf3 9.Qxf3 h4
10.O-O-O Nd7 11.Kb1 Rc8 12.Bd3 c5 13.dxc5 Bxc5 14.Ne2 Qb6 15.Bc1 Ne7 16.g4 hxg3
17.Qxg3 Bf2 18.Qf3 Nc6 19.Rh2 Bh4 20.a3 Be7 21.Ka1 Qa5 22.Kb1 Nc5 23.Rdh1 Nxd3
24.Qxd3 Rh4 25.Bd2 Qb5 26.Qxb5 axb5 27.Be1 Rh6 28.h4 Kd7 29.h5 gxh5 30.Rxh5 Rg6
31.Rh7 Rf8 32.Kc1 Rg2 33.R1h2 Rxh2 34.Rxh2 f6 35.exf6 Rxf6 36.Rh7 Rg6 37.Bh4 Rg2
38.Bxe7 Nxe7 39.Kd1 Rg4 40.Kd2 Kd6 41.Ke3 Rg8 42.Nd4 Nc6 43.Nxb5+ Kc5 44.Rxb7 Na5
45.b4+ Kc6 46.Rc7+ Kxb5 47.Rc5+ Kb6 48.Rxa5 Rc8 49.Kd3 Rf8 50.c4 Rxf4 51.cxd5 exd5
52.Kc3 Kc6 53.Rc5+ Kd6 54.a4 Rf1 55.Ra5 Rf3+ 56.Kd2 Rb3 57.b5 d4 58.Ra6+ Kd5
59.Ra8 Rb4 60.Rd8+ Ke4 61.Re8+ Kd5 62.Rd8+ Kc4 63.Rc8+ Kd5 64.Rd8+  1/2-1/2

[Event "Titled Tue 3rd Sep Late"]
[Site "chess.com INT"]
[Date "2024.09.03"]
[Round "4"]
[White "Kovalev,Vl"]
[Black "Nakamura,Hi"]
[Result "1/2-1/2"]
[WhiteElo "2539"]
[BlackElo "2802"]

1.e4 c6 2.d4 d5 3.exd5 cxd5 4.Bd3 Nc6 5.c3 Qc7 6.h3 g6 7.Nf3 Bf5 8.Be2 Nf6
9.O-O e6 10.a4 h6 11.Na3 a6 12.b4 Bd6 13.Be3 g5 14.Nd2 Rg8 15.b5 Na5 16.c4 Bxa3
17.Rxa3 dxc4 18.Qc1 g4 19.h4 g3 20.Nxc4 Nxc4 21.Qxc4 gxf2+ 22.Rxf2 Qxc4 23.Bxc4 Ng4
24.bxa6 Nxf2 25.axb7 Rb8 26.Kxf2 Rxb7 27.Bb5+ Ke7 28.Rc3 Be4 29.g3 h5 30.Bg5+ f6
31.Bf4 Bd5 32.Ke3 Kf7 33.Rc5 Ra7 34.Rc3 Kg7 35.Kd2 Rd8 36.Ke3 Re7 37.Kf2 Bb7
38.Ke3 Ra8 39.Rc5 Bd5 40.Rc3 e5 41.dxe5 fxe5 42.Bg5 Rf7 43.Rc5 Bb3 44.Rxe5 Bxa4
45.Bc4 Rc7 46.Bd5 Ra5 47.Bf4 Rcc5 48.Kd4 Bd1 49.Re7+ Kf8 50.Rd7 Ke8 51.Be6 Rc6
52.Bh3 Bg4 53.Bxg4 hxg4 54.Rg7 Rb6 55.Rxg4 Rb4+ 56.Kc3 Re4 57.Rg5 Ra3+ 58.Kb2 Rf3
59.Re5+ Rxe5 60.Bxe5 Kf7 61.Bf4 Kf6 62.Kc2 Kf5 63.Kd2 Ke4 64.Ke2 Ra3 65.Kf2 Ra2+
66.Kg1 Kf3 67.h5 Ra1+ 68.Kh2 Ra5 69.h6 Rh5+ 70.Kg1 Rh3 71.Bd6 Rxh6 72.Bf4 Rh7
73.Be5 Re7 74.Bf4 Re2 75.Bc7 Re1+ 76.Kh2 Re6 77.Bf4 Kf2 78.Kh3 Kf3 79.Kh4 Rg6
80.Kh5 Rg8 81.Kh4 Ke4 82.Kh3 Kf3 83.Kh4 Ra8 84.Kh5 Ra6 85.Kg5 Ke4 86.Kg4 Rb6
87.Kg5 Rc6 88.Kg4 Rg6+ 89.Kh5 Kf5 90.Kh4 Rg7 91.Kh3 Rh7+ 92.Kg2 Kg4 93.Kf2 Re7
94.Kf1 Kf3 95.Kg1 Re2 96.Bd6 Rg2+ 97.Kh1 Kf2 98.Bc5+ Kxg3 99.Bd6+ Kf3 100.Bc7 Rg5
101.Bd6 Kf2 102.Bc7 Rg2 103.Bb6+ Kf3 104.Bc7 Rd2 105.Kg1 Rd5 106.Kh1 Rd7
107.Be5 Kf2 108.Bb8 Rb7 109.Bd6 Rb5 110.Bc7 Rb1+ 111.Kh2 Rb7 112.Bg3+ Kf3
113.Bd6 Rg7 114.Kh1 Rg5 115.Bb8 Rg6 116.Bc7 Kf2 117.Bb8 Ra6 118.Bc7 Ra3 119.Bb6+ Kg3
120.Bc7+ Kh3 121.Kg1 Ra2 122.Kf1 Rg2 123.Bd6 Rd2 124.Bc7 Kg4 125.Kg1 Rc2
126.Bb8 Kf3 127.Kh1 Rc5 128.Bd6 Rb5 129.Bc7 Kf2 130.Bd6 Rb1+ 131.Kh2 Rb7
132.Bg3+ Kf3 133.Bd6 Rg7 134.Kh1 Rg6 135.Bc7 Kf2 136.Bb8 Rg1+ 137.Kh2 Rd1
138.Bg3+ Kf3 139.Bc7 Rc1 140.Bb8 Rb1 141.Bc7 Ra1 142.Bb8 Ra2+ 143.Kh1 Ra8
144.Bc7 Kf2 145.Bb6+ Kg3 146.Bc7+ Kh3 147.Kg1 Ra2 148.Kf1 Kg4  1/2-1/2

[Event "Titled Tue 3rd Sep Early"]
[Site "chess.com INT"]
[Date "2024.09.03"]
[Round "5"]
[White "Nakamura,Hi"]
[Black "Nagare Kaivalya Sandip"]
[Result "1-0"]
[WhiteElo "2802"]
[BlackElo "2352"]

1.d4 Nf6 2.Bg5 Ne4 3.Bf4 d5 4.e3 c5 5.Bd3 Nf6 6.c3 Nc6 7.Nf3 Bg4 8.Nbd2 e6
9.Qa4 Qd7 10.Bb5 Bd6 11.dxc5 Bxf4 12.Qxf4 Bxf3 13.Nxf3 O-O 14.O-O Ne4 15.Ne5 Qe8
16.Nd3 f6 17.Rfc1 e5 18.Qf3 Rd8 19.b4 Qg6 20.Qe2 Ne7 21.f3 Ng5 22.Nf2 f5
23.Rd1 Ne6 24.Ba4 f4 25.e4 d4 26.Bb3 Kh8 27.Ng4 dxc3 28.Nxe5 Qh5 29.Nd7 c2
30.Qxc2 Ng5 31.Nxf8 Rxf8 32.Rd3 h6 33.Rad1 Nc6 34.Qc3 Ne5 35.b5 Nxd3 36.Rxd3 Qg6
37.Kh1 Rc8 38.Rd5 Qh5 39.c6 bxc6 40.bxc6 Qh4 41.e5 Qf2 42.Rd1 Qb6 43.e6 Rxc6
44.e7 Rxc3 45.e8=Q+ Kh7 46.Bg8+ Kh8 47.Bf7+ Kh7 48.Qg8+  1-0

[Event "Titled Tue 3rd Sep Late"]
[Site "chess.com INT"]
[Date "2024.09.03"]
[Round "5"]
[White "Nakamura,Hi"]
[Black "Baskakov,Egor"]
[Result "1-0"]
[WhiteElo "2802"]
[BlackElo "2215"]

1.d4 Nf6 2.Bg5 e6 3.Nd2 d5 4.e4 dxe4 5.Nxe4 Be7 6.Bxf6 Bxf6 7.Nf3 Nd7 8.Bd3 g6
9.Qe2 Bg7 10.O-O-O Nf6 11.h4 h6 12.Kb1 Bd7 13.Ne5 Nxe4 14.Bxe4 c6 15.f4 h5
16.c4 Qe7 17.Rh3 Rd8 18.Bc2 Bc8 19.a3 Bf6 20.g3 c5 21.Rh2 cxd4 22.Qe4 Qc5
23.Rhd2 Bxe5 24.fxe5 Qxc4 25.Qf4 Rg8 26.Rxd4 Rxd4 27.Rxd4 Qc5 28.Ba4+ b5
29.Rc4 Qg1+ 30.Rc1  1-0

[Event "Titled Tue 3rd Sep Late"]
[Site "chess.com INT"]
[Date "2024.09.03"]
[Round "6"]
[White "Lazavik,Denis"]
[Black "Nakamura,Hi"]
[Result "1/2-1/2"]
[WhiteElo "2578"]
[BlackElo "2802"]

1.d4 g6 2.c4 Bg7 3.Nf3 d6 4.g3 Bd7 5.Bg2 Qc8 6.Nc3 Bh3 7.O-O Nc6 8.e4 h5
9.Bxh3 Qxh3 10.d5 Nd8 11.Ng5 Qd7 12.h4 c5 13.Qd3 Nh6 14.Kg2 a6 15.a4 b6 16.a5 Rb8
17.axb6 Rxb6 18.Na4 Rb4 19.Qc2 O-O 20.Bd2 Rb8 21.Rab1 f6 22.Nf3 Ndf7 23.b4 cxb4
24.Bxb4 f5 25.exf5 Nxf5 26.Bc3 Bh6 27.Rbe1 Nd8 28.Nb2 e5 29.c5 dxc5 30.Qe4 Nf7
31.Nc4 Rbd8 32.Ncxe5 Nxe5 33.Nxe5 Qxd5 34.Qxd5+ Rxd5 35.Nxg6 Rfd8 36.Ne7+ Nxe7
37.Rxe7 R8d7 38.Re8+ Kf7 39.Ra8 R5d6 40.Rb1 Bg7 41.Bxg7 Kxg7 42.Rc8 Rf6 43.Rb2 Rd5
44.Rc2 Rff5 45.Ra8 Rd6 46.Rc8 Rdd5 47.Ra2 Rf6 48.Rc2 Rff5  1/2-1/2

[Event "Titled Tue 3rd Sep Early"]
[Site "chess.com INT"]
[Date "2024.09.03"]
[Round "6"]
[White "Makarian,Rudik"]
[Black "Nakamura,Hi"]
[Result "1-0"]
[WhiteElo "2550"]
[BlackElo "2802"]

1.d4 g6 2.Nf3 Bg7 3.e3 d6 4.Be2 Nd7 5.O-O e5 6.c4 Ngf6 7.Nc3 O-O 8.Qc2 Re8
9.dxe5 dxe5 10.e4 c6 11.Rd1 Qc7 12.h3 Nc5 13.Be3 Ne6 14.b4 b6 15.Qb3 Bf8
16.Rac1 Nd7 17.g3 Bb7 18.h4 c5 19.Nd5 Qd8 20.Bg5 Qc8 21.a3 h6 22.Be3 Nd4
23.Bxd4 exd4 24.Bd3 Bg7 25.Re1 h5 26.b5 Qb8 27.Kg2 Qd6 28.Ng5 Ne5 29.f4 Nxd3
30.Qxd3 a6 31.Rb1 axb5 32.Rxb5 Bxd5 33.cxd5 Ra6 34.Qc4 Qd7 35.d6 Rxa3 36.Rxb6 Rf8
37.e5 Qg4 38.Ne4 Qf3+ 39.Kh2 Re3 40.Rxe3 dxe3 41.Rb2 Kh8 42.Ng5 Qd1 43.Re2 Qd4
44.Qb3 c4 45.Qxe3 Qd5 46.Qe4 Qc5 47.e6  1-0

[Event "Titled Tue 3rd Sep Late"]
[Site "chess.com INT"]
[Date "2024.09.03"]
[Round "7"]
[White "Nakamura,Hi"]
[Black "Chigaev,M"]
[Result "1-0"]
[WhiteElo "2802"]
[BlackElo "2624"]

1.d4 Nf6 2.Bg5 g6 3.Bxf6 exf6 4.e3 d5 5.h4 h5 6.c4 dxc4 7.Bxc4 Bd6 8.Nc3 Nd7
9.Qb3 Qe7 10.Nb5 O-O 11.Nxd6 Qxd6 12.Ne2 Nb6 13.Rc1 Kg7 14.a3 c6 15.Bd3 Be6
16.Qc2 Rfe8 17.O-O Rad8 18.Nc3 f5 19.Ne2 Bd5 20.Nf4 Qf6 21.g3 Be4 22.Qb3 Rd7
23.Rc5 Bxd3 24.Qxd3 Re4 25.Qb3 Nc8 26.Qc2 Ne7 27.b4 a6 28.a4 Nd5 29.Nd3 Nxe3
30.fxe3 Rxe3 31.Kh2 Rxd4 32.Nf4 Rxb4 33.Qf2 Rb2 34.Rc2 Reb3 35.Rfc1 a5 36.Nh3 Qe5
37.Ng5 Rxc2 38.Rxc2 Rb4 39.Re2 Qf6 40.Rd2 f4 41.Rd7 fxg3+ 42.Qxg3 Qb2+ 43.Kh3 Rb3
44.Rxf7+ Kg8 45.Rf3 Rxf3 46.Qxf3 Qa2 47.Qe4 Qb3+ 48.Kh2 Qb2+ 49.Kg3 Qc3+
50.Nf3 Kg7 51.Qe7+ Kg8 52.Qd8+ Kg7 53.Qc7+ Kg8 54.Qb8+ Kh7 55.Qxb7+ Kh6 56.Qb8 Kg7
57.Qe5+ Qxe5+ 58.Nxe5 c5 59.Nc4 Kf6 60.Kf4 Ke6 61.Nxa5 Kd5 62.Kg5 c4 63.Nxc4 Kxc4
64.Kxg6  1-0

[Event "Titled Tue 3rd Sep Early"]
[Site "chess.com INT"]
[Date "2024.09.03"]
[Round "7"]
[White "Nakamura,Hi"]
[Black "Cevizci,Yusuf Baran"]
[Result "1-0"]
[WhiteElo "2802"]
[BlackElo "2062"]

1.d4 d5 2.Bg5 h6 3.Bf4 Nf6 4.e3 c5 5.c3 cxd4 6.exd4 Nc6 7.Bd3 Bg4 8.Qb3 Qc8
9.Nd2 e6 10.Ngf3 Be7 11.O-O O-O 12.Rae1 Nh5 13.Be3 Bd6 14.h3 Bxf3 15.Nxf3 Nf4
16.Bb1 Na5 17.Qc2 g6 18.g3 Nxh3+ 19.Kg2 Ng5 20.Bxg5 hxg5 21.Nxg5 Be7 22.Nxe6 Re8
23.Nf4 Qc6 24.Qd3 Nc4 25.b3 Nb6 26.Re6 Bd6 27.Rxg6+ fxg6 28.Qxg6+ Kf8 29.Qf6+ Kg8
30.Bh7+ Kxh7 31.Rh1+ Kg8 32.Rh8+  1-0

[Event "Titled Tue 3rd Sep Early"]
[Site "chess.com INT"]
[Date "2024.09.03"]
[Round "8"]
[White "Materia,Marco"]
[Black "Nakamura,Hi"]
[Result "1-0"]
[WhiteElo "2457"]
[BlackElo "2802"]

1.Nf3 g6 2.c4 Bg7 3.Nc3 d6 4.d4 Nd7 5.Bg5 h6 6.Bh4 Ngf6 7.e3 g5 8.Bg3 Nh5
9.Be2 e6 10.Qc2 b6 11.Nd2 Nxg3 12.hxg3 a6 13.f4 c5 14.d5 Qe7 15.dxe6 fxe6
16.O-O-O O-O 17.Nde4 Bb7 18.Nxg5 Nf6 19.Nge4 Nxe4 20.Nxe4 d5 21.Ng5 Rf6 22.Qh7+ Kf8
23.Nf3 Rf7 24.Kc2 Rd8 25.Nh4 Qf6 26.Ng6+ Ke8 27.Ne5 Ke7 28.Bh5 Rff8 29.Qg6 Rg8
30.Qf7+ Qxf7 31.Bxf7 Rgf8 32.Bg6 Bxe5 33.fxe5 Rf2+ 34.Kc1 Rh8 35.cxd5 Bxd5
36.e4 Bxa2 37.Rd6 Rxg2 38.Rhd1 Rxg3 39.Rd7+ Kf8 40.Rf7+ Ke8 41.Rh7+ Kf8 42.Rd8+  1-0

[Event "Titled Tue 3rd Sep Late"]
[Site "chess.com INT"]
[Date "2024.09.03"]
[Round "8"]
[White "Anton Guijarro,D"]
[Black "Nakamura,Hi"]
[Result "0-1"]
[WhiteElo "2665"]
[BlackElo "2802"]

1.Nf3 g6 2.e4 Bg7 3.d4 d6 4.c4 Bg4 5.Be3 c5 6.Nc3 Bxf3 7.gxf3 cxd4 8.Bxd4 Bxd4
9.Qxd4 Nf6 10.f4 Nc6 11.Qe3 Qa5 12.O-O-O O-O-O 13.Be2 Kb8 14.Kb1 e5 15.fxe5 dxe5
16.Nd5 Nd7 17.a3 Qc5 18.Rhf1 Nd4 19.f4 f6 20.fxe5 fxe5 21.b4 Qd6 22.c5 Qe6
23.Bc4 a6 24.Qg3 Ka7 25.Qh4 Nb8 26.Qe7 Nbc6 27.Qxe6 Nxe6 28.Kb2 Ng5 29.Nc3 Rxd1
30.Rxd1 Rf8 31.h4 Rf2+ 32.Kb1 Nf3 33.Rd7 Nd2+  0-1

[Event "Titled Tue 3rd Sep Late"]
[Site "chess.com INT"]
[Date "2024.09.03"]
[Round "9"]
[White "Sindarov,Javokhir"]
[Black "Nakamura,Hi"]
[Result "1-0"]
[WhiteElo "2677"]
[BlackElo "2802"]

1.e4 c6 2.Nf3 d5 3.Nc3 Bg4 4.h3 Bxf3 5.Qxf3 e6 6.Be2 g6 7.O-O Bg7 8.Qg3 d4
9.Nb1 c5 10.Bb5+ Nd7 11.d3 Nf6 12.Bg5 h6 13.Bxf6 Bxf6 14.Nd2 a6 15.Bxd7+ Qxd7
16.Nc4 Rd8 17.a4 O-O 18.a5 Kh7 19.f4 Rg8 20.Kh1 Qc7 21.Qf3 Rde8 22.Ra3 Bd8
23.Rb3 Re7 24.e5 Rd7 25.Nb6 Re7 26.Nc4 Rd7 27.Nd6 Qxa5 28.Rxb7 Rxb7 29.Qxb7 Qc7
30.Qxa6 Bh4 31.Ra1 Bg3 32.Qa7 Qxa7 33.Rxa7 g5 34.Ne4 Bxf4 35.Nf6+ Kg7 36.Nxg8 Kxg8
37.Rc7 Bc1 38.c4 dxc3 39.bxc3 Be3 40.g3 Kg7 41.Kg2 h5 42.Kf3 Bg1 43.g4 hxg4+
44.hxg4 Kg6 45.Ke4 Bf2 46.Rc8 Kg7 47.d4 cxd4 48.c4 f6 49.exf6+ Kf7 50.c5 Bg3
51.Kxd4 Kxf6 52.Ke4 Bf2 53.Rf8+  1-0

[Event "Titled Tue 3rd Sep Late"]
[Site "chess.com INT"]
[Date "2024.09.03"]
[Round "10"]
[White "Nakamura,Hi"]
[Black "Idani,P"]
[Result "1-0"]
[WhiteElo "2802"]
[BlackElo "2599"]

1.d4 Nf6 2.Bg5 Ne4 3.Bf4 c5 4.f3 Qa5+ 5.c3 Nf6 6.d5 e6 7.e4 exd5 8.e5 Nh5
9.Bc1 d4 10.g4 Be7 11.gxh5 Bh4+ 12.Kd2 Nc6 13.f4 d5 14.exd6 Bf5 15.Bh3 Bxh3
16.Nxh3 O-O 17.Qg4 Bf6 18.d7 Rad8 19.Nf2 dxc3+ 20.Nxc3 Bxc3+ 21.bxc3 f5 22.Qe2 Rxd7+
23.Kc2 Qa4+ 24.Kb1 Na5 25.a3 Nc4 26.Ra2 Qb3+ 27.Ka1 Qxc3+ 28.Bb2 Qb3 29.Qe6+ Rff7
30.Qe8+  1-0

[Event "Titled Tue 3rd Sep Late"]
[Site "chess.com INT"]
[Date "2024.09.03"]
[Round "11"]
[White "Makarian,Rudik"]
[Black "Nakamura,Hi"]
[Result "1-0"]
[WhiteElo "2550"]
[BlackElo "2802"]

1.d4 g6 2.c4 Bg7 3.Nf3 b6 4.e4 Bb7 5.Nc3 d6 6.Be2 Nd7 7.O-O e6 8.Re1 Ne7
9.Qc2 O-O 10.h3 h6 11.Bd3 Nc6 12.Be3 Nb4 13.Qd2 Nxd3 14.Qxd3 a6 15.Qd2 Kh7
16.a4 a5 17.d5 e5 18.Nh2 f5 19.f3 f4 20.Bf2 g5 21.Kf1 h5 22.Ke2 Nf6 23.Nb5 Qe7
24.Kd3 Bc8 25.Kc2 Bh6 26.Rh1 Qd8 27.b4 Bd7 28.Kb3 Be8 29.Qc3 Nd7 30.Nf1 Kg8
31.Nd2 Rf6 32.Kc2 Rg6 33.bxa5 Rxa5 34.Nb3 Ra8 35.a5 g4 36.hxg4 hxg4 37.fxg4 bxa5
38.Nxa5 Nf6 39.Nc6 Bxc6 40.dxc6 Rc8 41.Bh4 Bg5 42.Bxg5  1-0

[Event "SpeedChess Final 2024"]
[Site "Paris FRA"]
[Date "2024.09.06"]
[Round "1.14"]
[White "Firouzja,Alireza"]
[Black "Nakamura,Hi"]
[Result "1-0"]
[WhiteElo "2767"]
[BlackElo "2802"]

1.e4 e5 2.Nf3 Nc6 3.Bb5 a6 4.Ba4 Bc5 5.O-O Nge7 6.Nxe5 Nxe5 7.d4 b5 8.Bb3 Bxd4
9.Qxd4 d6 10.f4 c5 11.Qd2 N5g6 12.c4 O-O 13.Nc3 Nc6 14.f5 Nge5 15.f6 Be6
16.fxg7 Re8 17.cxb5 Nd4 18.Nd5 Nxb3 19.axb3 Bxd5 20.Qxd5 axb5 21.Rxa8 Qxa8
22.Qxd6 Qxe4 23.Qxc5 Nd3 24.Qa7 Qd5 25.Bh6 Ne1 26.Qf2 Nd3 27.Qd2 Qxb3 28.Rf3 Rd8
29.Re3 Qd5 30.Qe2 Qc5 31.h3 Ne5 32.Kh1 f6 33.Rc3 Qd5 34.Rc7 Nf7 35.Bf4 Qd1+
36.Qxd1 Rxd1+ 37.Kh2 Rd4 38.Be3 Rb4 39.Bc5 Rxb2 40.Bd4 Re2 41.Bxf6 Nd6 42.Rd7 Ne8
43.Bc3 Re3 44.Bb2 Re2 45.Bc3 Re3 46.Ba1 Re1 47.Ra7 b4 48.Kg3 b3 49.Kf3 Rf1+
50.Kg4 Rb1 51.Be5 Re1 52.Kf5 Re2 53.Ra8 Rf2+ 54.Ke6  1-0

[Event "SpeedChess Final 2024"]
[Site "Paris FRA"]
[Date "2024.09.06"]
[Round "1.13"]
[White "Nakamura,Hi"]
[Black "Firouzja,Alireza"]
[Result "1/2-1/2"]
[WhiteElo "2802"]
[BlackElo "2767"]

1.e4 c6 2.Nf3 d5 3.Nc3 dxe4 4.Nxe4 Nf6 5.Ng3 Bg4 6.Bc4 e6 7.h3 Bxf3 8.Qxf3 Nbd7
9.Qe2 Be7 10.c3 O-O 11.d4 a5 12.O-O a4 13.Bd3 Qc7 14.Qf3 Bd6 15.Ne4 Nxe4
16.Bxe4 Nf6 17.Bc2 Qa5 18.Re1 Rfe8 19.Bd2 Bc7 20.Re2 Qh5 21.Qd3 Qd5 22.c4 Qd6
23.g3 e5 24.Bc3 exd4 25.Rxe8+ Rxe8 26.Qxd4 Qxd4 27.Bxd4 a3 28.bxa3 Be5 29.Bxe5 Rxe5
30.Rb1 Re7 31.Bf5 Rc7 32.h4 g6 33.Bh3 Ne4 34.Re1 Nc5 35.Re5 Nd3 36.Ra5 Re7
37.Bf1 Ne5 38.Ra7 Kg7 39.Kg2 Kf6 40.a4 Ke6 41.a5 Kd6 42.f4 Ng4 43.a6 Ne3+
44.Kf2 Nd1+ 45.Kg2 bxa6 46.c5+ Ke6 47.Bc4+ Kf6 48.Rxe7 Kxe7 49.Bxa6 Nc3 50.Bc4 Na4
51.g4 h6 52.Kf3 Nxc5 53.g5 hxg5 54.fxg5 f6 55.Ke3 fxg5 56.hxg5 Kd6 57.Kd4 Nd7
58.Ke4 Ne5 59.Bg8 Nd7 60.a3 Nc5+ 61.Kd4 Nd7 62.Bf7 Ne5 63.Be8 Nf3+ 64.Kc4 Nxg5
65.Bxg6 Kc7 66.Be8 Kb6 67.Bxc6 Kxc6 68.a4 Kb6 69.a5+ Kxa5  1/2-1/2

[Event "SpeedChess Final 2024"]
[Site "Paris FRA"]
[Date "2024.09.06"]
[Round "1.12"]
[White "Firouzja,Alireza"]
[Black "Nakamura,Hi"]
[Result "1-0"]
[WhiteElo "2767"]
[BlackElo "2802"]

1.e4 e5 2.Nf3 Nc6 3.Bb5 a6 4.Ba4 Bc5 5.c3 Nge7 6.O-O Ng6 7.d4 Ba7 8.Bg5 f6
9.Be3 O-O 10.Re1 Kh8 11.h3 Nce7 12.c4 d6 13.Nc3 exd4 14.Bxd4 Bxd4 15.Qxd4 Ne5
16.Nd2 N7g6 17.Qe3 Be6 18.Bb3 Bg8 19.f4 Nd7 20.Nf3 Nc5 21.Nd4 Re8 22.Qd2 c6
23.Nf5 Qb6 24.Kh1 Rad8 25.Rad1 Rd7 26.Qf2 Qc7 27.h4 Ne7 28.Nd4 Nc8 29.h5 Nb6
30.h6 g6 31.Nf3 Rf8 32.Qd4 Ne6 33.Qe3 Re7 34.e5 dxe5 35.fxe5 Nd7 36.exf6 Nxf6
37.Ne4 Nxe4 38.Qxe4 Qf4 39.Qxf4 Rxf4 40.c5 Rf8 41.Re5 Rf5 42.Re4 Rh5+ 43.Kg1 Rxh6
44.Rde1 Rh5 45.Bxe6 Rxc5 46.Bxg8 Rxe4 47.Rxe4 Kxg8 48.Re7 b5 49.Kf2 g5 50.g4 h6
51.Nd4 Rc4 52.Nf5 h5 53.Rg7+ Kf8 54.Rxg5 Rc2+ 55.Ke3 hxg4 56.b4 Rc4 57.a3 a5
58.bxa5 Ra4 59.a6 Rxa6 60.Kd4 Rxa3 61.Ke5 b4 62.Rxg4 b3 63.Rb4 Ra5+ 64.Kf6 Rb5
65.Ra4 Rb8 66.Rh4  1-0

[Event "SpeedChess Final 2024"]
[Site "Paris FRA"]
[Date "2024.09.06"]
[Round "1.11"]
[White "Nakamura,Hi"]
[Black "Firouzja,Alireza"]
[Result "1-0"]
[WhiteElo "2802"]
[BlackElo "2767"]

1.d4 Nf6 2.c4 e6 3.Nc3 Bb4 4.Qc2 O-O 5.a3 Bxc3+ 6.Qxc3 d5 7.Bg5 h6 8.Bh4 g5
9.Bg3 Ne4 10.Qc2 c5 11.dxc5 Nc6 12.b4 a5 13.b5 Qf6 14.Rd1 Nd4 15.Qd3 Nf5
16.Nf3 Nfxg3 17.hxg3 g4 18.cxd5 exd5 19.Qxd5 Re8 20.Rh4 Qc3+ 21.Nd2 Nxf2
22.Rb1 Qxg3 23.Qh5 Ne4+ 24.Kd1 Rd8 25.Rb2 Qe3 26.Qxh6 Nf2+ 27.Kc1 Qc3+ 28.Kb1 Bf5+
29.e4 Bg6 30.Bc4 Rd6 31.cxd6  1-0

[Event "SpeedChess Final 2024"]
[Site "Paris FRA"]
[Date "2024.09.06"]
[Round "1.3"]
[White "Nakamura,Hi"]
[Black "Firouzja,Alireza"]
[Result "0-1"]
[WhiteElo "2802"]
[BlackElo "2767"]

1.d4 Nf6 2.c4 g6 3.f3 e6 4.Nc3 c5 5.d5 d6 6.e4 Bg7 7.Bg5 exd5 8.cxd5 O-O
9.Qd2 a6 10.a4 Re8 11.Nge2 Nbd7 12.Ng3 Qa5 13.Be2 b5 14.O-O b4 15.Nd1 c4
16.Bxc4 Qc5+ 17.Ne3 h6 18.Bxf6 Bxf6 19.Rac1 Qd4 20.Rf2 Nc5 21.b3 Bd7 22.Qe1 Bg5
23.Nc2 Qe5 24.Rd1 a5 25.Nd4 f5 26.Nc6 Qc3 27.f4 Bf6 28.e5 dxe5 29.Qxc3 bxc3
30.fxe5 Bxe5 31.Nxe5 Rxe5 32.Rc1 g5 33.Re2 Rae8 34.Rxc3 f4 35.Nh5 Kf7 36.d6+ Kg6
37.Rxe5 Rxe5 38.g4 Bxg4 39.Ng3 fxg3 40.Rxg3 Bd7  0-1

[Event "SpeedChess Final 2024"]
[Site "Paris FRA"]
[Date "2024.09.06"]
[Round "1.10"]
[White "Firouzja,Alireza"]
[Black "Nakamura,Hi"]
[Result "1/2-1/2"]
[WhiteElo "2767"]
[BlackElo "2802"]

1.e4 e5 2.Nf3 Nc6 3.Bb5 a6 4.Ba4 Bc5 5.O-O Nge7 6.Nxe5 Nxe5 7.d4 b5 8.Bb3 Bxd4
9.Qxd4 d6 10.f4 c5 11.Qd2 c4 12.fxe5 Qb6+ 13.Qe3 Qxe3+ 14.Bxe3 dxe5 15.Bxc4 bxc4
16.Nc3 Bd7 17.Rfd1 Bc6 18.Rd6 f6 19.b4 cxb3 20.axb3 Kf7 21.Ra5 Rhc8 22.Bc5 Be8
23.Rb6 Nc6 24.Raxa6 Rxa6 25.Rxa6 Nd4 26.Ra7+ Kg6 27.b4 Nb5 28.Nxb5 Bxb5 29.Kf2 Rd8
30.Ke3 Rd1 31.Bf8 Re1+ 32.Kf3 f5 33.exf5+ Kxf5 34.g4+ Ke6 35.Bxg7 Rf1+ 36.Kg3 Rg1+
37.Kh4 Rg2 38.h3 e4 39.Ra5 Bc6 40.c4 Rc2 41.Rc5 Ba4 42.b5 e3 43.Re5+ Kf7
44.Bh6 e2 45.b6 Bc6 46.Kg3 Rc3+ 47.Kf2 Rxh3 48.Bf4 Rf3+ 49.Kxe2 Rxf4 50.Rc5 Bg2
51.Rc7+ Kg6 52.b7 Bxb7 53.Rxb7 Rxc4 54.Kf3 Rc3+ 55.Kf4 Rc4+ 56.Kg3 Rc3+ 57.Kf4 Rc4+
58.Kg3 Rc3+ 59.Kf4  1/2-1/2

[Event "SpeedChess Final 2024"]
[Site "Paris FRA"]
[Date "2024.09.06"]
[Round "1.9"]
[White "Nakamura,Hi"]
[Black "Firouzja,Alireza"]
[Result "1-0"]
[WhiteElo "2802"]
[BlackElo "2767"]

1.e4 e5 2.Nf3 Nc6 3.Bb5 a6 4.Ba4 Nf6 5.d3 Bc5 6.O-O b5 7.Bb3 d6 8.c3 h6 9.Be3 O-O
10.Nbd2 Rb8 11.h3 Re8 12.Re1 Bb6 13.Nf1 Be6 14.Ng3 d5 15.Bxb6 cxb6 16.Qe2 d4
17.Bxe6 Rxe6 18.Rac1 g6 19.Qd2 Kg7 20.Ne2 dxc3 21.Rxc3 b4 22.Rc4 b5 23.Rc5 Qb6
24.Rec1 Rd8 25.Qe3 Nd7 26.R5c2 Qxe3 27.fxe3 Ne7 28.Rc7 Nf6 29.Ne1 Rdd6 30.Ra7 Kf8
31.Ra8+ Kg7 32.Ra7 Kf8 33.Kf2 Ke8 34.Ng1 g5 35.Ngf3 g4 36.Nh4 Rc6 37.Rc2 Red6
38.Ke2 h5 39.hxg4 hxg4 40.Ra8+ Kd7 41.Ra7+ Ke6 42.b3 Nh5 43.Rxc6 Rxc6 44.Kd2 Ng3
45.Nc2 Nf1+ 46.Kd1 Rd6 47.Nxb4 Ng6 48.Nf5 Rb6 49.Ke2  1-0

[Event "SpeedChess Final 2024"]
[Site "Paris FRA"]
[Date "2024.09.06"]
[Round "1.8"]
[White "Firouzja,Alireza"]
[Black "Nakamura,Hi"]
[Result "1-0"]
[WhiteElo "2767"]
[BlackElo "2802"]

1.e4 e5 2.Nf3 Nc6 3.Bb5 a6 4.Ba4 Bc5 5.c3 Nge7 6.d4 exd4 7.cxd4 Bb4+ 8.Nc3 d5
9.e5 Bg4 10.a3 Ba5 11.Be3 b5 12.Bc2 Bb6 13.Ne2 Qd7 14.a4 O-O 15.O-O Bxf3
16.gxf3 Nf5 17.axb5 Nh4 18.e6 Qd6 19.bxc6 Nxf3+ 20.Kg2 Qxh2+ 21.Kxf3 fxe6+
22.Nf4 Rxf4+ 23.Bxf4 Rf8 24.Qd2 g5 25.Ke2 Rxf4 26.Qe3 Bxd4 27.Qxe6+ Kg7 28.Qe7+ Kh8  1-0

[Event "SpeedChess Final 2024"]
[Site "Paris FRA"]
[Date "2024.09.06"]
[Round "1.7"]
[White "Nakamura,Hi"]
[Black "Firouzja,Alireza"]
[Result "0-1"]
[WhiteElo "2802"]
[BlackElo "2767"]

1.e4 e5 2.Nf3 Nc6 3.Bc4 Nf6 4.d3 Bc5 5.O-O d6 6.Be3 Bb6 7.Bb3 O-O 8.h3 h6
9.c3 Ne7 10.Nbd2 c6 11.d4 Ng6 12.Re1 Re8 13.Bc2 Bc7 14.c4 exd4 15.Bxd4 Be6
16.b3 Nd7 17.Nf1 Nde5 18.Ng3 Bb6 19.Re3 Qf6 20.Bxb6 axb6 21.Nd4 Nf4 22.Nge2 Neg6
23.a4 Ra5 24.Rg3 h5 25.Nxf4 Nxf4 26.Kh1 Bg4 27.hxg4 hxg4 28.Qxg4 Qxd4 29.Rd1 Qf6
30.Kg1 Rh5 31.f3 Ne2+ 32.Kf2 Nxg3 33.Qxg3 Qc3 34.Bb1 Qxb3 35.Qxd6 Qxc4 36.Rd2 Rh1
37.Ba2 Qf1+ 38.Ke3 Qe1+ 39.Re2 Qc1+ 40.Qd2 Rd8 41.Qxc1 Rxc1 42.Rb2 g5 43.Bb1 Rc3+
44.Ke2 b5 45.axb5 c5 46.e5 c4 47.b6 Rb3 48.Rxb3 cxb3  0-1

[Event "SpeedChess Final 2024"]
[Site "Paris FRA"]
[Date "2024.09.06"]
[Round "1.6"]
[White "Firouzja,Alireza"]
[Black "Nakamura,Hi"]
[Result "1-0"]
[WhiteElo "2767"]
[BlackElo "2802"]

1.e4 e5 2.Nf3 Nc6 3.Bb5 a6 4.Ba4 Bc5 5.c3 Nge7 6.d4 exd4 7.cxd4 Bb4+ 8.Nc3 d5
9.e5 Bg4 10.a3 Ba5 11.Be3 b5 12.Bc2 Bb6 13.Ne2 Qd7 14.Rc1 Bxf3 15.gxf3 O-O-O
16.f4 f6 17.Bd3 Kb7 18.Rg1 g6 19.exf6 Nf5 20.Bxf5 Qxf5 21.a4 Qxf6 22.axb5 axb5
23.Qd3 Rhe8 24.Kf1 b4 25.Rg5 Ne7 26.Ng3 Nc6 27.Ne2 Ne7 28.Re5 Nf5 29.Qb5 Rf8
30.Qxb4 g5 31.Qb5 Qh6 32.Ke1 Nxe3 33.fxe3 gxf4 34.Nxf4 Rxf4 35.exf4 Qxf4
36.Qc6+ Kb8 37.Ra1 Qh4+ 38.Kd1 Qxd4+ 39.Kc2 Qc5+ 40.Qxc5 Bxc5 41.Ra5 Bd6
42.Rexd5 Rf8 43.Rd2 Rf6 44.Rh5 h6 45.Re2 Kb7 46.Rb5+ Kc6 47.Rb3 Kd7 48.h3 Rf5
49.Rd3 Rc5+ 50.Kb1 Rh5 51.Re4 Kc6 52.Kc2 Rf5 53.b3 Rf2+ 54.Kc3 Rf5 55.Kd2 Bf4+
56.Ke2 Bd6 57.Rc4+ Kd7 58.Rh4 h5 59.Re4 Rb5 60.Red4 Ke6 61.Re3+ Kf6 62.Rde4 Be5
63.Rf3+ Ke6 64.Rd3 Kf5 65.Rc4 Bd6 66.Re3 Ra5 67.Kf3 Ra1 68.Kf2 Ra2+ 69.Kf3 Ra1
70.Ke2 Ra2+ 71.Kd3 Rh2 72.Rf3+ Kg5 73.Re4 Rh1 74.Kc4 Kg6 75.Kd5 Kg5 76.Ke6 Kg6
77.Rf6+ Kg5 78.h4+ Rxh4 79.Rf5+  1-0